Mosby's pharmacology in nursing. / (Record no. 8029)

MARC details
000 -LEADER
fixed length control field 01026cam a2200349 a 4500
001 - CONTROL NUMBER
control field 4931178
003 - CONTROL NUMBER IDENTIFIER
control field OSt
005 - DATE AND TIME OF LATEST TRANSACTION
control field 20211117151235.0
008 - FIXED-LENGTH DATA ELEMENTS--GENERAL INFORMATION
fixed length control field 950323s1995 moua b 001 0 eng
010 ## - LIBRARY OF CONGRESS CONTROL NUMBER
LC control number 95130572
020 ## - INTERNATIONAL STANDARD BOOK NUMBER
International Standard Book Number 9780323030083
020 ## - INTERNATIONAL STANDARD BOOK NUMBER
International Standard Book Number 0323030084
040 ## - CATALOGING SOURCE
Original cataloging agency DLC
Transcribing agency DLC
Modifying agency DLC
050 00 - LIBRARY OF CONGRESS CALL NUMBER
Classification number RM301.M47
082 00 - DEWEY DECIMAL CLASSIFICATION NUMBER
Classification number 615/.1
Edition number 20
100 1# - MAIN ENTRY--PERSONAL NAME
Personal name McKenry, Leda M.
245 10 - TITLE STATEMENT
Title Mosby's pharmacology in nursing. /
Statement of responsibility, etc. Leda M. McKenry, Ed Tessier, MaryAnn Hogan.
250 ## - EDITION STATEMENT
Edition statement 22nd ed.
260 ## - PUBLICATION, DISTRIBUTION, ETC.
Place of publication, distribution, etc. St. Louis, Mo. :
Name of publisher, distributor, etc. Mosby,
Date of publication, distribution, etc. 2006.
300 ## - PHYSICAL DESCRIPTION
Extent xi, 1347 p. :
Other physical details ill. (col.) ;
504 ## - BIBLIOGRAPHY, ETC. NOTE
Bibliography, etc. note Includes index.
505 ## - FORMATTED CONTENTS NOTE
Formatted contents note Contents:
650 #0 - SUBJECT ADDED ENTRY--TOPICAL TERM
Topical term or geographic name entry element Pharmacology.
650 #0 - SUBJECT ADDED ENTRY--TOPICAL TERM
Topical term or geographic name entry element Nursing.
650 #2 - SUBJECT ADDED ENTRY--TOPICAL TERM
Topical term or geographic name entry element Pharmacology
General subdivision nurses' instruction.
700 ## - ADDED ENTRY--PERSONAL NAME
Fuller form of name Tessier, Ed
700 ## - ADDED ENTRY--PERSONAL NAME
Fuller form of name Hogan, MaryAnn
740 0# - ADDED ENTRY--UNCONTROLLED RELATED/ANALYTICAL TITLE
Uncontrolled related/analytical title Pharmacology in nursing.
906 ## - LOCAL DATA ELEMENT F, LDF (RLIN)
a 7
b cbu
c orignew
d 2
e ncip
f 19
g y-gencatlg
942 ## - ADDED ENTRY ELEMENTS (KOHA)
Source of classification or shelving scheme Library of Congress Classification
Koha item type Books

No items available.

If you have any concerns or questions; kindly contact the library


© Powered by WIUC ICT DIRECTORATE